000 01450nam a22002297a 4500
999 _c184604
_d184604
005 20220829110008.0
010 _aB-742747-761 B-745261 HIN-21-22
020 _a9789390744329
_c290.00
035 _aB-742747-761
035 _aB-745261
037 _bरमेश पब्लिशिंग हाउस
037 _bउपहार
082 _a000
100 _aगुप्ता, आर
245 _aभारतीय थल सेना सोल्जर क्लर्क (SKT& GD):
_bStore Keeper Technical and General Duty /
_cआर. गुप्ता
260 _aन्यू दिल्ली
_bरमेश पब्लिशिंग हाउस
_c2022
270 _a12-h, न्यू दरियागंज, ऑफिसर्स मेस के सामने
_bन्यू दिल्ली
_e110006
_minfo@rameshpublishinghouse.com
300 _aवि. पृ.
_c24सेमी(अजिल्द)
942 _2ddc
_cHN
_h000
_mगुप्ता